| 000 | 00704nam a2200193 a 4500 | ||
|---|---|---|---|
| 001 | 000016941 | ||
| 005 | 20240307073946.0 | ||
| 008 | 100312s1982 dr 000 0 spa d | ||
| 040 |
_aDO-SdBNP _bspa _cBNPHU |
||
| 082 |
_axxx _bA815m |
||
| 100 | 1 |
_aAscuasiati de Alfáu, Carmen _925870 |
|
| 245 | 1 | 0 |
_aMematomorpha-gordiacea en homo sapiens : _bun nuevo parasitismo en la República Dominicana / _cCarmen Ascuasiati de Alfáu, Carmen Paredes de Mejía. |
| 260 |
_aSanto Domingo : _bUASD, _c1982. |
||
| 300 |
_a16 p. : _bil. ; _c21 cm. |
||
| 504 | _aIncluye bibliografías [p. 16] | ||
| 700 | 1 |
_aParedes de Mejía, Carmen _925874 |
|
| 049 | _aBNPD | ||
| 710 | 1 |
_aUniversidad Autónoma de Santo Domingo _972951 |
|
| 999 |
_c16473 _d16473 |
||